| Tag |
First Indicator |
Second Indicator |
Subfields |
| LEADER |
00000cam a2200000 a 4500 |
| 001 |
in00002778024 |
| 005 |
20211202202600.0 |
| 006 |
m o d f |
| 007 |
cr mn||||||||| |
| 008 |
120919s2004 mdu ob f000 0 eng c |
| 035 |
|
|
|a (OCoLC)ocn810276908
|
| 040 |
|
|
|a GPO
|c GPO
|d MvI
|d UtOrBLW
|
| 042 |
|
|
|a pcc
|
| 043 |
|
|
|a n-us---
|
| 049 |
|
|
|a WWW
|
| 074 |
|
|
|a 0491-B-31 (online)
|
| 086 |
0 |
|
|a HE 20.6524:101/SUM.
|
| 245 |
0 |
0 |
|a Economic incentives for preventive care.
|
| 250 |
|
|
|a [Summary ed.].
|
| 264 |
|
1 |
|a [Rockville, Md.] :
|b Agency for Healthcare Research and Quality,
|c [2004]
|
| 300 |
|
|
|a 1 online resource (7 pages).
|
| 336 |
|
|
|a text
|b txt
|2 rdacontent
|
| 337 |
|
|
|a computer
|b c
|2 rdamedia
|
| 338 |
|
|
|a online resource
|b cr
|2 rdacarrier
|
| 490 |
1 |
|
|a Evidence report/technology assessment,
|v no. 101
|
| 490 |
1 |
|
|a AHRQ publication ;
|v no. 04-E 024-1
|
| 500 |
|
|
|a Title from title screen (viewed Sept. 20, 2004).
|
| 500 |
|
|
|a "August 2004."
|
| 504 |
|
|
|a Includes bibliographical references.
|
| 500 |
|
|
|a Electronic resource.
|
| 650 |
|
0 |
|a Preventive health services
|z United States.
|
| 650 |
|
0 |
|a Health promotion
|z United States.
|
| 710 |
1 |
|
|a United States.
|b Agency for Healthcare Research and Quality.
|
| 830 |
|
0 |
|a Evidence report/technology assessment ;
|v no. 101.
|
| 830 |
|
0 |
|a AHRQ publication ;
|v no. 04-E 024-1.
|
| 856 |
4 |
0 |
|u https://purl.fdlp.gov/GPO/LPS54068
|t 0
|
| 999 |
|
|
|a MARS
|
| 999 |
f |
f |
|s cef7058a-ec1f-31e9-8509-7ba240284207
|i 51d81b3b-8c7e-3f48-aacb-b09d07759fe6
|t 0
|
| 952 |
f |
f |
|a Texas A&M University
|b College Station
|c Electronic Resources
|d Available Online
|t 0
|e HE 20.6524:101/SUM.
|h Superintendent of Documents classification
|
| 998 |
f |
f |
|a HE 20.6524:101/SUM.
|t 0
|l Available Online
|